Statistics for UEFA Euro 2016 Unqualified teams

Click here to take the quiz!

General Stats

  • This quiz has been taken 326 times
    (303 since last reset)
  • The average score is 24 of 30

Answer Stats

Qual. pool Answer % Correct
ESan Marino
91%
ANetherlands
90%
HNorway
90%
FFinland
90%
DScotland
88%
FGreece
88%
ESlovenia
86%
ISerbia
85%
EEstonia
85%
ELithuania
85%
BAndorra
85%
IDenmark
84%
ALatvia
84%
BBosnia and Herzegovina
83%
CLuxembourg
83%
HMalta
81%
HBulgaria
81%
CFYR Macedonia
80%
CBelarus
80%
GMontenegro
79%
BCyprus
78%
DGeorgia
76%
GMoldova
76%
IArmenia
74%
BIsrael
73%
GLiechtenstein
71%
HAzerbaijan
69%
DGibraltar
67%
FFaroe Islands
64%
AKazakhstan
64%

Score Distribution

Percentile by Number Answered

Percent of People with Each Score

Your Score History

You have not taken this quiz since the last reset